00734 a2200205 4500020001000000035001300010037004300023082000600066090001500072100002600087245006000113260004000173270008800213300002400301490002600325500002500351942002100376999001500397952011600412 c75.00 aB-211051 bRP-PV-4 / PANSY-07-08:5 / RP-07-08:ENG14aN c3776d37761 aGardner, Erle Stanley1 aThe case of the Ice-cold Handscby Erle Stanley Gardner aBangalorebMaster Mind Booksc2006r aNo. 25, Vasan Towers, Dr. TCM Royan Raode560053k080-26705679mvasanbks@bgl.net.in a164 pc18 cm (pbk) aA perry mason mystery aThis is reprint 2006 adplcENkN / GAR c3698d3698 00102ddc407-18FICaZLSbZLSg75.00l0oN GARpB-211051r2008-09-15 00:00:00t1u3934v75.00w2008-09-15yEN